[Event "Sharjah Rapid op 27th"]
[Site "Sharjah"]
[Date "2022.04.07"]
[Round "8"]
[White "Fatima, Saif Al Ali"]
[Black "Osman, Ibraheem"]
[Result "1/2-1/2"]
[WhiteElo "1474"]
[BlackElo "1787"]
[PlyCount "84"]
[EventDate "2022.04.06"]
[EventType "swiss (rapid)"]
[EventRounds "9"]
[EventCountry "UAE"]
[SourceTitle "CBM 207 Extra"]
[Source "ChessBase"]
[SourceDate "2022.05.31"]
[SourceVersion "1"]
[SourceVersionDate "2022.05.31"]
[SourceQuality "1"]

1. e4 c5 2. Nf3 e6 3. d4 cxd4 4. Nxd4 a6 5. Nc3 Qc7 6. Be3 Nf6 7. f3 b5 8. Qd2 Bb4 9. Bd3 d5 10. exd5 Nxd5 11. Nde2 0-0 12. 0-0-0 Bb7 13. Kb1 Nxc3+ 14. Nxc3 Nc6 15. a3 Ba5 16. Bf4 e5 17. Bg3 b4 18. Nd5 Qd6 19. axb4 Nxb4 20. Nxb4 Bxb4 21. Qe2 Qb6 22. Qxe5 Rfe8 23. Qc7 Qxc7 24. Bxc7 Rac8 25. Bf4 a5 26. Bb5 Bc6 27. Bxc6 Rxc6 28. Bd2 h6 29. Bxb4 axb4 30. Rhe1 Ra8 31. Rd4 Rca6 32. Kc1 Rb6 33. Ree4 b3 34. cxb3 Rxb3 35. Rb4 Rd3 36. Red4 Re3 37. Re4 Rd3 38. Ra4 Rc8+ 39. Rac4 Ra8 40. Red4 Re3 41. Re4 Rd3 42. Red4 Ra5 1/2-1/2

[Event "Sharjah Rapid op 27th"]
[Site "Sharjah"]
[Date "2022.04.07"]
[Round "7"]
[White "Osman, Ibraheem"]
[Black "Anood, Ahmad"]
[Result "0-1"]
[WhiteElo "1787"]
[BlackElo "1246"]
[PlyCount "152"]
[EventDate "2022.04.06"]
[EventType "swiss (rapid)"]
[EventRounds "9"]
[EventCountry "UAE"]
[SourceTitle "CBM 207 Extra"]
[Source "ChessBase"]
[SourceDate "2022.05.31"]
[SourceVersion "1"]
[SourceVersionDate "2022.05.31"]
[SourceQuality "1"]

1. e4 c5 2. Nf3 e6 3. d4 cxd4 4. Nxd4 a6 5. c4 b6 6. Bd3 Bb7 7. 0-0 d6 8. Nc3 Nf6 9. Re1 Be7 10. Be3 0-0 11. Rc1 Nc6 12. Bb1 Nxd4 13. Bxd4 e5 14. Be3 Rc8 15. Qd3 Qc7 16. Nd5 Nxd5 17. exd5 g6 18. Bh6 Rfe8 19. Qg3 Bf8 20. Qh4 Bxh6 21. Qxh6 f5 22. Qg5 Qe7 23. Qe3 Qc7 24. Qg3 Rf8 25. h4 Kh8 26. Qg5 Qg7 27. h5 gxh5 28. Qxh5 b5 29. b3 bxc4 30. bxc4 Qg6 31. Qh3 Rc7 32. f3 Rg7 33. Kf2 e4 34. fxe4 fxe4+ 35. Kg1 Bc8 36. Qh2 Rfg8 37. Re2 Bg4 38. Rxe4 Bf3 39. Re2 Qg5 40. Rec2 Be4 41. Rc3 Qxg2+ 42. Qxg2 Rxg2+ 43. Kf1 Bxb1 44. c5 Rg1+ 45. Kf2 Rxc1 46. Rxc1 Bxa2 47. cxd6 Rd8 48. Rc6 Bxd5 49. Rxa6 Be6 50. Kg3 Kg7 51. Kf4 Kf6 52. Rb6 h5 53. Kg3 Kg5 54. Rb5+ Bf5 55. Rd5 h4+ 56. Kh2 Kf4 57. Rd4+ Kg5 58. Rd5 h3 59. Rd4 Kf6 60. Kg3 Ke5 61. Rd2 Rxd6 62. Re2+ Kf6 63. Kh4 Rd4+ 64. Kg3 Rd3+ 65. Kh2 Kg5 66. Rb2 Kf4 67. Rf2+ Rf3 68. Rb2 Bc8 69. Rb4+ Kg5 70. Rb2 Kh4 71. Rb4+ Bg4 72. Rb2 Rg3 73. Rd2 Re3 74. Rb2 Re2+ 75. Rxe2 Bxe2 76. Kg1 Kg3 0-1

[Event "Sharjah Blitz op"]
[Site "Sharjah"]
[Date "2021.05.01"]
[Round "3.6"]
[White "Al Huwar, Jasem"]
[Black "Osman, Ibraheem"]
[Result "1-0"]
[WhiteElo "2285"]
[BlackElo "1787"]
[PlyCount "50"]
[EventDate "2021.05.01"]
[EventType "swiss (blitz)"]
[EventRounds "9"]
[EventCountry "UAE"]
[SourceTitle "CBM 202 Extra"]
[Source "ChessBase"]
[SourceDate "2021.07.31"]
[SourceVersion "1"]
[SourceVersionDate "2021.07.31"]
[SourceQuality "1"]

1. Nf3 c5 2. g3 e6 3. Bg2 Nf6 4. 0-0 Be7 5. c4 0-0 6. b3 d5 7. cxd5 exd5 8. Bb2 Nc6 9. d4 Bg4 10. dxc5 Bxc5 11. Nc3 Re8 12. Na4 Be7 13. Rc1 Rc8 14. h3 Bh5 15. Nc5 b6 16. Nd3 Ne4 17. Nf4 Bxf3 18. Bxf3 Bf6 19. Bxf6 Qxf6 20. Nxd5 Qe5 21. Ne3 Nd4 22. Nc4 Nxf3+ 23. exf3 Qf5 24. fxe4 Qxh3 25. Qf3 Ra8 1-0

[Event "Sharjah Rapid op"]
[Site "Sharjah"]
[Date "2021.04.30"]
[Round "6.7"]
[White "Hilwani, Talal"]
[Black "Osman, Ibraheem"]
[Result "1-0"]
[WhiteElo "2274"]
[BlackElo "1787"]
[PlyCount "55"]
[EventDate "2021.04.29"]
[EventType "swiss (rapid)"]
[EventRounds "9"]
[EventCountry "UAE"]
[SourceTitle "CBM 202 Extra"]
[Source "ChessBase"]
[SourceDate "2021.07.31"]
[SourceVersion "1"]
[SourceVersionDate "2021.07.31"]
[SourceQuality "1"]

1. d4 e6 2. c4 d5 3. Nf3 Nf6 4. g3 c6 5. Bg2 Be7 6. 0-0 0-0 7. Nc3 Na6 8. Nd2 Bd7 9. e4 dxe4 10. Ndxe4 Nxe4 11. Bxe4 f5 12. Bg2 Bf6 13. Re1 Nc7 14. Bf4 g5 15. Be5 Bxe5 16. Rxe5 Qf6 17. Qb3 Rab8 18. Qa3 Na6 19. Rae1 Rbd8 20. d5 exd5 21. cxd5 Rde8 22. Re7 c5 23. d6 Qxd6 24. Qb3+ Kh8 25. Nd5 Rxe7 26. Rxe7 Qxe7 27. Nxe7 Re8 28. Qc3# 1-0

[Event "Sharjah Rapid op"]
[Site "Sharjah"]
[Date "2021.04.29"]
[Round "4.15"]
[White "Albadin, Alaa"]
[Black "Osman, Ibraheem"]
[Result "0-1"]
[WhiteElo "1359"]
[BlackElo "1787"]
[PlyCount "81"]
[EventDate "2021.04.29"]
[EventType "swiss (rapid)"]
[EventRounds "9"]
[EventCountry "UAE"]
[SourceTitle "CBM 202 Extra"]
[Source "ChessBase"]
[SourceDate "2021.07.31"]
[SourceVersion "1"]
[SourceVersionDate "2021.07.31"]
[SourceQuality "1"]

1. d4 d5 2. Bf4 Bf5 3. e3 e6 4. Nf3 h6 5. Nbd2 Nf6 6. Ne5 Nbd7 7. Ndf3 Bd6 8. Bd3 0-0 9. Bxf5 exf5 10. 0-0 Re8 11. Nxd7 Qxd7 12. Bxd6 Qxd6 13. Ne5 Rac8 14. Qf3 Qe6 15. b3 c5 16. c4 Ne4 17. Qe2 dxc4 18. bxc4 cxd4 19. exd4 f6 20. Ng6 Qxc4 21. Qxc4+ Rxc4 22. f3 Nd6 23. Rab1 b6 24. Rbd1 Re2 25. Rf2 Rxf2 26. Kxf2 Rc2+ 27. Kg3 Rxa2 28. h4 Rc2 29. Re1 h5 30. Re6 Nb5 31. Re7 a5 32. Rb7 Nxd4 33. Ne7+ Kh7 34. Rxb6 Ne2+ 35. Kh2 Nf4 36. Nxf5 Rxg2+ 37. Kh1 Re2 38. Ng3 Ra2 39. Rb7 Kg6 40. Ra7 a4 41. Ne4 0-1